00565nam a2200157 a 450000100100000000500170001000800410002704000250006810000290009324500170012225000120013926000410015130000210019295201770021399900170039000004031920201002034044.0130821s1966 ag 000 0 spa d aDO-SdBNPbspacBNPHU1 aCortázar, Julio92278210aBestiario /. a5a. ed. aBuenos Aires :bSudamericana,c1966. a165 p. ;c19 cm. 001050718MOaGRbGRcCTd2013-08-21iLF1l0o p40319-10r2020-06-25w2020-06-25y1zPerteneció a la biblioteca personal de Aída Cartagena PortalatínZNo se presta c39809d39809